Pretty Little Liars (2014) - Statistics

General Stats
  • This quiz has been taken 1,082 times
  • The average score is 18 of 47
Answer Stats
Hint Answer % Correct
Who does missing at the beginning of the first season? Alison Dilaurentis
98%
Who is the first one of the Liars to get a message from 'A'? Aria Montgomery
97%
Who was the last Liar to see Alison before she went missing? Spencer Hastings
85%
Who is pushed off the Bell Tower in the season 1 finale? Ian Thomas
79%
Who's sweater do the police find that has Alison's blood on it? Toby Cavanaugh's
73%
Who finds out about Aria and Ezra's relationship at Camp Mona? Noel Kahn
67%
Who do the girls discover is not blind anymore? Jenna Marshall
60%
Who is unmasked as 'A' in the season two finale? Mona Vanderwaal
59%
Who do the girls meet who acts and looks a lot like Alison? CeCe Drake
58%
Who does Aria have dreams about? Jason DiLaurentis
58%
Which of the Liars is admitted to Radley? Spencer Hastings
57%
Which of the girls gets locked in a changing room with a snake? Spencer Hastings
56%
Who comes back to host a fashion show in season 2? Jessica DiLaurentis
54%
Where is this person sent? Radley Sanitarium
53%
Who do the girls find out is actually alive? Alison
52%
Who do the girls discover is Red Coat in the mid season finale? CeCe Drake
47%
Who is arrested for Wilden's murder? Ashley Marin
46%
Who do the girls discover killed Maya? Lyndon James
45%
Who does Jason tell Aria he saw wearing the same clothes as Alison the night she disappeared? CeCe Drake
40%
Who is shot by 'A'? Ezra
35%
Who does Spencer discover is Board Shorts? Ezra Fitz
35%
Who does Aria kill in the season five premiere? Shana
34%
Who does Garrett tell Spencer he saw Alison with the night she disappeared? Byron Montgomery
33%
Who does Hanna see after she is pulled out? Alison
32%
Who's grave does Emily end up at at the beginning of season three? Alison's
32%
Who does she tell them buried her alive? Jessica DiLaurentis
32%
Who confesses to killing him? Mona Vanderwaal
32%
Who is almost killed by 'A' in the season 2 winter premiere? Emily Fields
26%
Who is arrested for Alison's murder at the end of season two? Garrett Reynolds
26%
How are the Liars almost killed in the season three finale? Fire
25%
Where does Alison tell the police she has been? Kidnapped
24%
Who is revealed to have accidentally killed Bethany? Melissa
24%
Who begins working as a teacher at Rosewood High that Aria has history with? Meredith
24%
Who is the girl revealed to be in Alison's grave? Bethany Young
23%
Who is kidnapped by 'A' at the puppet show? Malcolm
23%
Who do the girls suspect is in Alison's grave? Sara Harvey
21%
Where do the girls go to see Alison? New York
19%
Who does Hanna become involved romantically with? Travis
16%
Who confronts Alison at the crypt? Mona
13%
Who is murdered in the season five summer finale? Mona
13%
What was used to kill Alison? A shovel
12%
Who is kidnapped by 'A' in the season 2 summer finale? Dr. Sullivan
10%
Who do the Liars suspect to be 'A' following the attack? Lucas Gottesman
9%
Who is helping Alison with her kidnapping story? Noel
8%
What does 'A' accidentally leave behind after an attack on Hanna? A key
5%
When is the next PLL episode set? Christmas
5%
What does Spencer become addicted to? Amphetamines
3%
No matching quizzes found
Score Distribution
Percent of People with Each Score
Percentile by Number Answered
Your Score History
You have not taken this quiz